Visualize this : (Record no. 329909)

000 -LEADER
fixed length control field 01883cam a2200433 a 4500
001 - CONTROL NUMBER
control field 16752427
003 - CONTROL NUMBER IDENTIFIER
control field NUST
005 - DATE AND TIME OF LATEST TRANSACTION
control field 20170530135839.0
008 - FIXED-LENGTH DATA ELEMENTS--GENERAL INFORMATION
fixed length control field 110427s2011 inuab b 001 0 eng c
010 ## - LIBRARY OF CONGRESS CONTROL NUMBER
LC control number 2011928441
016 7# - NATIONAL BIBLIOGRAPHIC AGENCY CONTROL NUMBER
Record control number 015690536
Source Uk
020 ## - INTERNATIONAL STANDARD BOOK NUMBER
International Standard Book Number 9788126550838
035 ## - SYSTEM CONTROL NUMBER
System control number (OCoLC)ocn670479801
040 ## - CATALOGING SOURCE
Original cataloging agency BTCTA
Language of cataloging eng
Transcribing agency BTCTA
Modifying agency YDXCP
-- PTR
-- CNNAI
-- MYG
-- TOH
-- BWX
-- OSU
-- UKMGB
-- VP@
-- DLC
042 ## - AUTHENTICATION CODE
Authentication code pcc
050 00 - LIBRARY OF CONGRESS CALL NUMBER
Classification number QA276.3
Item number .Y18 2011
082 00 - DEWEY DECIMAL CLASSIFICATION NUMBER
Classification number 005.55 YAU
Edition number 23
100 1# - MAIN ENTRY--PERSONAL NAME
Personal name Yau, Nathan.
9 (RLIN) 1656
245 10 - TITLE STATEMENT
Title Visualize this :
Remainder of title the FlowingData guide to design, visualization, and statistics
Statement of responsibility, etc. Nathan Yau.
246 30 - VARYING FORM OF TITLE
Title proper/short title FlowingData guide to design, visualization, and statistics
260 ## - PUBLICATION, DISTRIBUTION, ETC.
Place of publication, distribution, etc. Indianapolis, Ind. :
Name of publisher, distributor, etc. Wiley Pub.,
Date of publication, distribution, etc. c2011.
300 ## - PHYSICAL DESCRIPTION
Extent xxvi, 358 p. :
Other physical details col. ill., col. maps ;
Dimensions 24 cm.
504 ## - BIBLIOGRAPHY, ETC. NOTE
Bibliography, etc. note Includes bibliographical references and index.
610 20 - SUBJECT ADDED ENTRY--CORPORATE NAME
Corporate name or jurisdiction name as entry element FlowingData.
9 (RLIN) 1657
650 #0 - SUBJECT ADDED ENTRY--TOPICAL TERM
Topical term or geographic name entry element Statistics
General subdivision Graphic methods
-- Data processing.
9 (RLIN) 1658
650 #0 - SUBJECT ADDED ENTRY--TOPICAL TERM
Topical term or geographic name entry element Graphic methods
General subdivision Computer programs.
9 (RLIN) 1659
856 41 - ELECTRONIC LOCATION AND ACCESS
Materials specified Table of contents only
Uniform Resource Identifier <a href="http://www.loc.gov/catdir/enhancements/fy1210/2011928441-t.html">http://www.loc.gov/catdir/enhancements/fy1210/2011928441-t.html</a>
856 42 - ELECTRONIC LOCATION AND ACCESS
Materials specified Contributor biographical information
Uniform Resource Identifier <a href="http://www.loc.gov/catdir/enhancements/fy1210/2011928441-b.html">http://www.loc.gov/catdir/enhancements/fy1210/2011928441-b.html</a>
856 42 - ELECTRONIC LOCATION AND ACCESS
Materials specified Publisher description
Uniform Resource Identifier <a href="http://www.loc.gov/catdir/enhancements/fy1210/2011928441-d.html">http://www.loc.gov/catdir/enhancements/fy1210/2011928441-d.html</a>
906 ## - LOCAL DATA ELEMENT F, LDF (RLIN)
a 7
b cbc
c pccadap
d 2
e ncip
f 20
g y-gencatlg
942 ## - ADDED ENTRY ELEMENTS (KOHA)
Source of classification or shelving scheme
Koha item type Book
Holdings
Withdrawn status Lost status Source of classification or shelving scheme Damaged status Not for loan Collection code Permanent Location Current Location Shelving location Date acquired Source of acquisition Total Checkouts Total Renewals Full call number Barcode Date last seen Date last checked out Price effective from Koha item type
            Central Library (CL) Central Library (CL) First Floor - Operating System/ Data Structure 05/30/2017 Allied Book Company 1 1 005.55 YAU SEECS013730 08/15/2022 06/28/2019 05/30/2017 Book
© 2023 Central Library, National University of Sciences and Technology. All Rights Reserved.